15 Ciudades más grandes de Estados Unidos - Estadísticas

Estadísticas generales
  • Esta prueba ha sido intentada 72 veces
  • La puntuación promedio es 10 de 15
Respuestas en el mapa
Las respuestas están codificadas por una escala verde-roja en el mapa de la prueba según el % correcto abajo.
 
Estadísticas de respuestas
Estado Ciudad Población % Correcto
New York Nueva York 8,5 million
100%
California Los Ángeles 3,9 million
98%
Illinois Chicago 2,7 million
94%
Texas Dallas 1,3 million
84%
Texas Houston 2,4 million
84%
California San Diego 1,4 million
77%
Texas Austin 990 mil
67%
Pensilvania Filadelfia 1,6 million
59%
Texas San Antonio 1,5 million
59%
Arizona Phoenix 1,7 million
58%
Florida Jacksonville 1 million
44%
California San José 1 million
44%
Carolina del Norte Charlotte 940 mil
36%
Ohio Columbus 930 mil
31%
Texas Fort Worth 1 million
25%
No se encontraron pruebas coincidentes
Distribución de puntuación
Porcentaje de gente con cada puntuación
Porcentaje por número respondido
Historial de tus puntuaciones
No has intentado esta prueba.